| 000 | 00731cam a2200241 a 4500 | ||
|---|---|---|---|
| 001 | 000007752 | ||
| 005 | 20200929154303.0 | ||
| 008 | 911105s1991 sp 000 f spa d | ||
| 020 | _a8432206369 | ||
| 040 |
_aDO-SdBNP _bspa _cPPT _dDLC _dBNPHU |
||
| 082 |
_a863.64 _bU49l, 1991 |
||
| 100 | 1 |
_aUmbral, Francisco. _95877 |
|
| 245 | 1 | 0 |
_aLeyenda del César visionario / _cFrancisco Umbral. |
| 250 | _a4a ed. | ||
| 260 |
_aBarcelona : _bSeix Barral, _c1991. |
||
| 300 |
_a190 p. ; _c20 cm. |
||
| 490 | 1 | _aBiblioteca breve | |
| 650 | 4 |
_aNovela española _91123 |
|
| 650 | 4 |
_aLiteratura española _9632 |
|
| 600 | 1 | 4 |
_aFRANCO, FRANCISCO, _d1892-1975 _920829 |
| 830 | 0 |
_aBiblioteca breve _913442 |
|
| 910 | _aCatalogación por copia / LC | ||
| 999 |
_c7530 _d7530 |
||